[Event "Wch U18"]
[Site "Montesilvano"]
[Date "2023.11.13"]
[Round "1"]
[White "Bergamaschi, Elia"]
[Black "Bicer, Atakan Mert"]
[Result "0-1"]
[WhiteElo "1905"]
[BlackElo "2318"]
[PlyCount "110"]
[EventDate "2023.11.13"]
[EventType "swiss"]
[EventRounds "11"]
[EventCountry "ITA"]
[SourceTitle "CB48_2023"]
[SourceDate "2023.11.29"]
[SourceVersion "1"]
[SourceVersionDate "2023.11.29"]
[SourceQuality "1"]

1. d4 Nf6 2. c4 e6 3. g3 Bb4+ 4. Nd2 d5 5. Bg2 0-0 6. Ngf3 dxc4 7. Qc2 a6 8. a4 Nc6 9. Qxc4 Qd6 10. 0-0 b5 11. Qd3 Rb8 12. axb5 axb5 13. Nb3 Bb7 14. Bf4 Qe7 15. e4 h6 16. Rfc1 Nh5 17. Be3 Nf6 18. Bf4 g5 19. Nxg5 hxg5 20. Bxg5 e5 21. Qf3 Kg7 22. d5 Nd8 23. Rxc7 Qd6 24. Ra7 Bc8 25. h3 Rb7 26. Raxb7 Bxb7 27. Qf5 Re8 28. h4 Rg8 29. Rc1 Nh7 30. Be3 Qf6 31. Qd7 Nf8 32. Qxb5 Be7 33. Nc5 Bc8 34. Nd3 Ba6 35. Qb3 Bxd3 36. Qxd3 Qd6 37. Bh3 Ng6 38. Bg2 Qd7 39. Kf1 Kh8 40. Qe2 Kg7 41. h5 Nf8 42. Kg1 Nh7 43. Qd2 Nf6 44. h6+ Kh8 45. Bc5 Bxc5 46. Rxc5 Ne6 47. Bh3 Nxe4 48. Qe3 Qd6 49. Rc4 N4g5 50. Bg2 Nd4 51. f4 Ngf3+ 52. Kf2 Qg6 53. Rxd4 Qxg3+ 54. Ke2 Qxg2+ 55. Kd3 exd4 0-1

[Event "TUR-chT"]
[Site "Ankara"]
[Date "2023.07.20"]
[Round "11.15"]
[White "Bicer, Atakan Mert"]
[Black "Haznedaroglu, Kivanc"]
[Result "0-1"]
[WhiteElo "2311"]
[BlackElo "2408"]
[PlyCount "116"]
[EventDate "2023.07.10"]
[EventType "team-tourn"]
[EventRounds "11"]
[EventCountry "TUR"]
[SourceTitle "EXT 2024"]
[Source "ChessBase"]
[SourceDate "2023.10.10"]
[SourceVersion "1"]
[SourceVersionDate "2023.10.10"]
[SourceQuality "1"]
[WhiteTeam "Burhaniye"]
[BlackTeam "Bursa Buyuksehir"]
[WhiteTeamCountry "TUN"]
[BlackTeamCountry "TUR"]

1. c4 e5 2. g3 Nc6 3. Bg2 Bc5 4. e3 d6 5. Nc3 a6 6. Nge2 h5 7. h4 Ba7 8. a3 Be6 9. b3 Nge7 10. Nd5 Qd7 11. Qc2 Bf5 12. d3 Nxd5 13. cxd5 Ne7 14. Bb2 Rc8 15. e4 Bh7 16. Qd2 0-0 17. Bh3 f5 18. 0-0 c6 19. d4 cxd5 20. dxe5 d4 21. e6 Qe8 22. Nxd4 f4 23. gxf4 Qg6+ 24. Bg2 Qh6 25. Ne2 d5 26. Rac1 Qxe6 27. f5 Qf7 28. Qg5 dxe4 29. f6 Rxc1 30. Rxc1 Ng6 31. Bxe4 gxf6 32. Qa5 Ne7 33. Bxh7+ Qxh7 34. Rc7 Qe4 35. Qxh5 Rf7 36. Rc3 Rg7+ 37. Rg3 Nf5 38. Rxg7+ Nxg7 39. Qh6 Qxe2 40. Qxf6 Qd1+ 41. Kg2 Qd5+ 42. Kf1 Ne6 43. Be5 Bc5 44. b4 Qd1+ 45. Kg2 Qg4+ 46. Kf1 Bf8 47. Bg3 Nd4 48. Kg2 Bg7 49. Qd8+ Kh7 50. Qd5 b5 51. Qb7 Qg6 52. Kh2 Qc6 53. Qf7 Qf3 54. Qe7 Qd5 55. Qa7 Nf3+ 56. Kh3 Qe6+ 57. Kg2 Ne1+ 58. Kh2 Nc2 0-1

[Event "TUR-chT"]
[Site "Ankara"]
[Date "2023.07.16"]
[Round "7.5"]
[White "Bicer, Atakan Mert"]
[Black "Ozer, Omer Faruk"]
[Result "1-0"]
[WhiteElo "2311"]
[BlackElo "2333"]
[PlyCount "101"]
[EventDate "2023.07.10"]
[EventType "team-tourn"]
[EventRounds "11"]
[EventCountry "TUR"]
[SourceTitle "EXT 2024"]
[Source "ChessBase"]
[SourceDate "2023.10.10"]
[SourceVersion "1"]
[SourceVersionDate "2023.10.10"]
[SourceQuality "1"]
[WhiteTeam "Burhaniye"]
[BlackTeam "Hukukcu Fenerbahceliler"]
[WhiteTeamCountry "TUN"]
[BlackTeamCountry "TUR"]

1. c4 e5 2. g3 Nf6 3. Bg2 c6 4. Nf3 e4 5. Nd4 Qb6 6. e3 d5 7. Qc2 Na6 8. a3 Bc5 9. Ne2 dxc4 10. Nbc3 Be7 11. Nxe4 Nxe4 12. Bxe4 Nc5 13. 0-0 Qa6 14. Bg2 0-0 15. Rb1 Rd8 16. Nf4 Qb5 17. Bf3 Qb3 18. Bd1 g5 19. Ne2 Bh3 20. Qxb3 Nxb3 21. Bxb3 cxb3 22. Re1 Rd3 23. f3 Bf5 24. Ra1 a5 25. g4 Bg6 26. Ng3 a4 27. Nh1 Rad8 28. Re2 R8d5 29. Nf2 Rc5 30. e4 Rxf3 31. Kg2 Rxf2+ 32. Kxf2 Bf6 33. d3 Be5 34. Be3 Rc2 35. Rxc2 bxc2 36. Rc1 Bxb2 37. Rxc2 Bxa3 38. Ra2 Bd6 39. Rxa4 Bxh2 40. Ra8+ Kg7 41. Bd4+ f6 42. Ra7 Bf7 43. Rxb7 Kg6 44. Bc5 Be6 45. Kf3 Bf4 46. Bf8 Bf7 47. d4 Bd2 48. Ke2 Bf4 49. d5 cxd5 50. exd5 f5 51. Rb6+ 1-0

[Event "TUR-chT"]
[Site "Ankara"]
[Date "2023.07.11"]
[Round "2.2"]
[White "Gurel, Ediz"]
[Black "Bicer, Atakan Mert"]
[Result "1-0"]
[WhiteElo "2500"]
[BlackElo "2311"]
[PlyCount "83"]
[EventDate "2023.07.10"]
[EventType "team-tourn"]
[EventRounds "11"]
[EventCountry "TUR"]
[SourceTitle "EXT 2024"]
[Source "ChessBase"]
[SourceDate "2023.10.10"]
[SourceVersion "1"]
[SourceVersionDate "2023.10.10"]
[SourceQuality "1"]
[WhiteTeam "Turk Hava Yollari"]
[BlackTeam "Burhaniye"]
[WhiteTeamCountry "TUR"]
[BlackTeamCountry "TUN"]

1. e4 c5 2. Nf3 e6 3. d4 cxd4 4. Nxd4 Nc6 5. Nc3 Qc7 6. f4 a6 7. Nxc6 bxc6 8. Bd3 d5 9. Qe2 Nf6 10. Bd2 Bb7 11. 0-0 Be7 12. Rae1 Nd7 13. Qg4 h5 14. Qxg7 Bf6 15. Qg3 0-0-0 16. e5 Be7 17. f5 Rdg8 18. Qh3 Nxe5 19. fxe6 f6 20. Bf4 Qb6+ 21. Kh1 c5 22. Bxe5 fxe5 23. Rxe5 Qd6 24. Rxh5 Rxh5 25. Qxh5 c4 26. Bf5 d4 27. Ne4 Qe5 28. Qe2 Kb8 29. Qe1 Bd6 30. Ng3 Qh8 31. Kg1 d3 32. cxd3 Bc5+ 33. Kh1 Bd6 34. e7 Re8 35. Be4 Rxe7 36. Qf2 Rg7 37. Kg1 cxd3 38. Qb6 Bxg3 39. hxg3 Rc7 40. Bxb7 Rxb7 41. Qd6+ Ka7 42. Qc5+ 1-0

[Event "TUR-chT"]
[Site "Ankara"]
[Date "2022.08.27"]
[Round "13.1"]
[White "Salepci, Osman Firat"]
[Black "Bicer, Atakan Mert"]
[Result "0-1"]
[WhiteElo "2074"]
[BlackElo "2343"]
[PlyCount "114"]
[EventDate "2022.08.16"]
[EventType "team-tourn"]
[EventRounds "13"]
[EventCountry "TUR"]
[SourceTitle "CBM 209 Extra"]
[Source "ChessBase"]
[SourceDate "2022.09.30"]
[SourceVersion "1"]
[SourceVersionDate "2022.09.30"]
[SourceQuality "1"]
[WhiteTeam "Rota Koleji Dernegi"]
[BlackTeam "Burhaniye"]
[WhiteTeamCountry "TUR"]
[BlackTeamCountry "TUN"]

1. e4 c5 2. c3 Nf6 3. e5 Nd5 4. d4 cxd4 5. Nf3 d6 6. cxd4 dxe5 7. Nxe5 e6 8. Nc3 Nxc3 9. bxc3 Bd6 10. f4 Qc7 11. Bd2 Nd7 12. Bd3 Nf6 13. 0-0 b6 14. Qe2 0-0 15. Rf3 Bb7 16. Rh3 g6 17. Re1 Rfe8 18. g4 Bxe5 19. fxe5 Qc6 20. Qf1 Qh1+ 21. Kf2 Nxg4+ 22. Kg3 Qxf1 23. Rxf1 h5 24. Rh4 Red8 25. Bg5 Nxe5 26. Bxd8 Nxd3 27. Bg5 Rc8 28. Bd2 Bd5 29. a3 Kg7 30. Rd1 f6 31. Bh6+ Kxh6 32. Rxd3 g5 33. Rh3 Be4 34. Re3 Bf5 35. Kg2 Bxh3+ 36. Kxh3 Kg6 37. Kg2 Kf7 38. Kf2 Rc4 39. Ke2 Ra4 40. Kd3 Rxa3 41. Kc4 Ra5 42. Kb4 e5 43. Kc4 Ke6 44. Rd3 e4 45. Rh3 g4 46. Re3 f5 47. Kb4 Ra2 48. c4 Kd6 49. Kb5 Kc7 50. c5 bxc5 51. Kxc5 Ra5+ 52. Kb4 Kb6 53. Kc4 Kc6 54. Rc3 Ra1 55. h3 Kd6 56. hxg4 hxg4 57. Kb5 f4 0-1

[Event "TUR-chT"]
[Site "Ankara"]
[Date "2022.08.26"]
[Round "12.5"]
[White "Bicer, Atakan Mert"]
[Black "Can, Isik"]
[Result "1/2-1/2"]
[WhiteElo "2343"]
[BlackElo "2483"]
[PlyCount "60"]
[EventDate "2022.08.16"]
[EventType "team-tourn"]
[EventRounds "13"]
[EventCountry "TUR"]
[SourceTitle "CBM 209 Extra"]
[Source "ChessBase"]
[SourceDate "2022.09.30"]
[SourceVersion "1"]
[SourceVersionDate "2022.09.30"]
[SourceQuality "1"]
[WhiteTeam "Burhaniye"]
[BlackTeam "Turk Hava Yollari"]
[WhiteTeamCountry "TUN"]
[BlackTeamCountry "TUR"]

1. c4 e5 2. g3 c6 3. Nf3 e4 4. Nd4 d5 5. cxd5 Qxd5 6. Nc2 Nf6 7. Nc3 Qh5 8. Ne3 Bc5 9. Qc2 Bxe3 10. fxe3 Bf5 11. Bg2 Qg6 12. 0-0 h5 13. Rf4 h4 14. Nxe4 hxg3 15. h4 Bxe4 16. Bxe4 Qh6 17. Bg2 Nbd7 18. b4 Ne5 19. Bb2 Ng6 20. Bxf6 Nxf4 21. Bg5 Qg6 22. Qc5 Nxe2+ 23. Kf1 f6 24. Bxc6+ bxc6 25. Qxc6+ Kf7 26. Qd5+ Ke7 27. Qc5+ Ke8 28. Qc6+ Kf7 29. Qd5+ Ke7 30. Qc5+ Ke8 1/2-1/2

[Event "TUR-chT"]
[Site "Ankara"]
[Date "2022.08.25"]
[Round "11.2"]
[White "Kirilmaz, Emre"]
[Black "Bicer, Atakan Mert"]
[Result "0-1"]
[WhiteElo "2193"]
[BlackElo "2343"]
[PlyCount "96"]
[EventDate "2022.08.16"]
[EventType "team-tourn"]
[EventRounds "13"]
[EventCountry "TUR"]
[SourceTitle "CBM 209 Extra"]
[Source "ChessBase"]
[SourceDate "2022.09.30"]
[SourceVersion "1"]
[SourceVersionDate "2022.09.30"]
[SourceQuality "1"]
[WhiteTeam "Tas Duvar"]
[BlackTeam "Burhaniye"]
[WhiteTeamCountry "TUR"]
[BlackTeamCountry "TUN"]

1. Nf3 Nf6 2. b3 d5 3. Bb2 Bf5 4. d3 e6 5. Nh4 Bg4 6. h3 Bh5 7. g4 Nfd7 8. Nf3 Bg6 9. Nbd2 c5 10. e4 d4 11. h4 h6 12. h5 Bh7 13. b4 e5 14. Nc4 Qc7 15. b5 Be7 16. a4 Bf6 17. Bc1 Nb6 18. Nxb6 axb6 19. g5 hxg5 20. Nxg5 Bg8 21. Qg4 Nd7 22. Nf3 c4 23. Nd2 cxd3 24. Bxd3 g6 25. Nc4 Be7 26. h6 Nf8 27. a5 bxa5 28. b6 Bb4+ 29. Ke2 Qe7 30. Nd2 f6 31. Bb5+ Kd8 32. f4 exf4 33. Nf3 g5 34. Rd1 Qxe4+ 35. Kf1 Be6 36. Qh5 Qg6 37. Rxd4+ Ke7 38. Qh2 Rc8 39. Bd3 Qxh6 40. Qxh6 Rxh6 41. Rxb4 axb4 42. Bd2 Bd5 43. Kf2 Ne6 44. Bxb4+ Kf7 45. Ra5 Bxf3 46. Kxf3 Nd4+ 47. Kg2 Nxc2 48. Bc5 Ne1+ 0-1

[Event "TUR-chT"]
[Site "Ankara"]
[Date "2022.08.22"]
[Round "7.4"]
[White "Kilic, Eray"]
[Black "Bicer, Atakan Mert"]
[Result "1-0"]
[WhiteElo "2417"]
[BlackElo "2343"]
[PlyCount "75"]
[EventDate "2022.08.16"]
[EventType "team-tourn"]
[EventRounds "13"]
[EventCountry "TUR"]
[SourceTitle "CBM 209 Extra"]
[Source "ChessBase"]
[SourceDate "2022.09.30"]
[SourceVersion "1"]
[SourceVersionDate "2022.09.30"]
[SourceQuality "1"]
[WhiteTeam "Karaman Futbol"]
[BlackTeam "Burhaniye"]
[WhiteTeamCountry "TUN"]
[BlackTeamCountry "TUN"]

1. e4 c6 2. Nc3 d5 3. Nf3 Bg4 4. h3 Bxf3 5. Qxf3 e6 6. d4 Nf6 7. Bd3 dxe4 8. Nxe4 Be7 9. c3 0-0 10. 0-0 Nbd7 11. Bg5 Re8 12. Nxf6+ Bxf6 13. Be3 Qa5 14. a4 Rad8 15. b4 Qd5 16. Be4 Qc4 17. Rfc1 Be7 18. b5 Nf6 19. bxc6 Nxe4 20. Qxe4 bxc6 21. Qe5 Rd7 22. a5 Bd6 23. Qe4 e5 24. Qg4 Re6 25. dxe5 Qxg4 26. hxg4 Bxe5 27. a6 h6 28. Bc5 Rg6 29. Ra4 Rg5 30. Be3 Rg6 31. g3 Rgd6 32. Kg2 Bf6 33. Rb1 Bg5 34. Bc5 Rd5 35. Rb7 Bf6 36. Bxa7 Bxc3 37. Rxd7 Rxd7 38. Bb6 1-0

[Event "TUR-chT"]
[Site "Ankara"]
[Date "2022.08.20"]
[Round "5.5"]
[White "Suleymanli, Aydin Elshan"]
[Black "Bicer, Atakan Mert"]
[Result "1-0"]
[WhiteElo "2547"]
[BlackElo "2343"]
[PlyCount "113"]
[EventDate "2022.08.16"]
[EventType "team-tourn"]
[EventRounds "13"]
[EventCountry "TUR"]
[SourceTitle "CBM 209 Extra"]
[Source "ChessBase"]
[SourceDate "2022.09.30"]
[SourceVersion "1"]
[SourceVersionDate "2022.09.30"]
[SourceQuality "1"]
[WhiteTeam "Bayegan Pendik"]
[BlackTeam "Burhaniye"]
[WhiteTeamCountry "TUR"]
[BlackTeamCountry "TUN"]

1. d4 Nf6 2. c4 e6 3. Nf3 Bb4+ 4. Nbd2 0-0 5. a3 Bxd2+ 6. Qxd2 b6 7. e3 Bb7 8. Be2 d6 9. 0-0 Ne4 10. Qc2 Nd7 11. b4 f5 12. Bb2 Qe7 13. Rad1 a5 14. d5 e5 15. Bd3 axb4 16. axb4 Ndf6 17. Nd2 Nxd2 18. Qxd2 Nd7 19. Bc2 Ba6 20. Bb3 f4 21. exf4 Rxf4 22. Ra1 Rff8 23. Rae1 Qf7 24. Qc3 Rae8 25. Ra1 Bc8 26. Ba4 Re7 27. Bc2 Nf6 28. f4 e4 29. b5 Bf5 30. Ra3 Rfe8 31. Qd4 Nd7 32. Rg3 Nc5 33. Qe3 Qf8 34. Bd1 Ra8 35. Bd4 Nd3 36. Qd2 h6 37. Re3 Bh7 38. f5 Ne5 39. Qc3 Qc8 40. f6 gxf6 41. Rxf6 Kg7 42. Rf4 Bg6 43. Rg3 Kh7 44. Be3 Qh8 45. Bd4 Qe8 46. Rh4 Ra2 47. Be3 h5 48. Bxh5 Bxh5 49. Rg5 Rxg2+ 50. Kxg2 Rg7 51. Rxg7+ Kxg7 52. Bd4 Bf3+ 53. Kf2 Kg6 54. Bxe5 dxe5 55. Qe3 Qf8 56. Kg3 Kf5 57. Rf4+ 1-0

[Event "Ankara Baskent Univ op-A 5th"]
[Site "Ankara"]
[Date "2022.07.05"]
[Round "6"]
[White "Ozturk, Efe Hakan"]
[Black "Bicer, Atakan Mert"]
[Result "1/2-1/2"]
[WhiteElo "2115"]
[BlackElo "2368"]
[PlyCount "83"]
[EventDate "2022.07.02"]
[EventType "swiss"]
[EventRounds "9"]
[EventCountry "TUR"]
[SourceTitle "CBM 209 Extra"]
[Source "ChessBase"]
[SourceDate "2022.09.30"]
[SourceVersion "1"]
[SourceVersionDate "2022.09.30"]
[SourceQuality "1"]

1. d4 d5 2. c4 c6 3. Nf3 Nf6 4. g3 g6 5. Bg2 Bg7 6. 0-0 0-0 7. Qb3 dxc4 8. Qxc4 Be6 9. Qa4 Nbd7 10. Nc3 Nb6 11. Qc2 Nfd5 12. a3 Rc8 13. e4 Nxc3 14. bxc3 c5 15. d5 Bg4 16. Rb1 Qd7 17. c4 Bxf3 18. Bxf3 Bd4 19. Bh6 Rfe8 20. Bd2 e5 21. Ba5 Na8 22. Bd1 Re7 23. Qa4 Qd6 24. Kg2 f5 25. f3 f4 26. g4 h6 27. h4 Kg7 28. Be1 b6 29. Rh1 Nc7 30. h5 g5 31. Qb3 Ne8 32. a4 Qc7 33. Be2 Nd6 34. Bd2 Qd8 35. Qa2 Rb8 36. Rb3 Reb7 37. Rhb1 Qd7 38. Bc3 Kf6 39. Bd2 a6 40. Kh3 Qc7 41. Qc2 Qd7 42. Qa2 1/2-1/2

[Event "Ankara Baskent Univ op-A 5th"]
[Site "Ankara"]
[Date "2022.07.04"]
[Round "5"]
[White "Bicer, Atakan Mert"]
[Black "Cansu, Batuhan"]
[Result "1-0"]
[WhiteElo "2368"]
[BlackElo "2083"]
[PlyCount "55"]
[EventDate "2022.07.02"]
[EventType "swiss"]
[EventRounds "9"]
[EventCountry "TUR"]
[SourceTitle "CBM 209 Extra"]
[Source "ChessBase"]
[SourceDate "2022.09.30"]
[SourceVersion "1"]
[SourceVersionDate "2022.09.30"]
[SourceQuality "1"]

1. c4 g6 2. g3 c5 3. Bg2 Nc6 4. Nc3 Bg7 5. a3 e6 6. b4 Nxb4 7. axb4 cxb4 8. d4 bxc3 9. e3 d5 10. cxd5 exd5 11. Ne2 Ne7 12. Nxc3 0-0 13. Qb3 Be6 14. Qxb7 Qc8 15. Qxc8 Rfxc8 16. Kd2 Rc4 17. Ba3 Rac8 18. Rhc1 Bf6 19. Rab1 Kg7 20. Bc5 R8xc5 21. dxc5 Rxc5 22. Nb5 Rxc1 23. Rxc1 a5 24. Rc7 Nf5 25. Ra7 Bd8 26. Nc7 Ne7 27. Nxe6+ fxe6 28. Rd7 1-0

[Event "Ankara Baskent Univ op-A 5th"]
[Site "Ankara"]
[Date "2022.07.03"]
[Round "3"]
[White "Bicer, Atakan Mert"]
[Black "Makaraci, Tunahan"]
[Result "0-1"]
[WhiteElo "2368"]
[BlackElo "2130"]
[PlyCount "76"]
[EventDate "2022.07.02"]
[EventType "swiss"]
[EventRounds "9"]
[EventCountry "TUR"]
[SourceTitle "CBM 209 Extra"]
[Source "ChessBase"]
[SourceDate "2022.09.30"]
[SourceVersion "1"]
[SourceVersionDate "2022.09.30"]
[SourceQuality "1"]

1. e4 c5 2. Nf3 Nc6 3. d4 cxd4 4. Nxd4 g6 5. Nb3 Bg7 6. c4 d6 7. Be2 b6 8. 0-0 Nf6 9. Nc3 0-0 10. Be3 Bb7 11. f3 Rc8 12. a4 Nd7 13. a5 Bxc3 14. bxc3 bxa5 15. f4 Ba6 16. Rf3 Nf6 17. Nd2 Ng4 18. Kh1 Nxe3 19. Rxe3 Rb8 20. Rh3 Bc8 21. g4 e5 22. f5 Qg5 23. Qe1 Rb2 24. Nf3 Qf4 25. Bf1 g5 26. Rd1 Rd8 27. c5 Nb8 28. Rb1 Rxb1 29. Qxb1 Bd7 30. Bd3 Bc6 31. Kg2 d5 32. exd5 Bxd5 33. Be2 Nc6 34. f6 e4 35. Ng1 Ne5 36. c4 Bc6 37. Rg3 e3+ 38. Kh3 Qxf6 0-1

[Event "Ayvalik Yagmur Gp-A"]
[Site "Ayvalik"]
[Date "2022.04.13"]
[Round "7"]
[White "Kotronias, Vasilios"]
[Black "Bicer, Atakan Mert"]
[Result "0-1"]
[WhiteElo "2482"]
[BlackElo "2356"]
[PlyCount "192"]
[EventDate "2022.04.09"]
[EventType "schev"]
[EventRounds "9"]
[EventCountry "TUR"]
[SourceTitle "CBM 207 Extra"]
[Source "ChessBase"]
[SourceDate "2022.05.31"]
[SourceVersion "1"]
[SourceVersionDate "2022.05.31"]
[SourceQuality "1"]
[WhiteTeam "Team A"]
[BlackTeam "Team B"]
[WhiteTeamCountry "TUR"]
[BlackTeamCountry "TUR"]

1. e4 c6 2. d4 d5 3. e5 Bf5 4. h4 h5 5. Bd3 Bxd3 6. Qxd3 e6 7. Bg5 Be7 8. Nf3 Nh6 9. Nc3 Nf5 10. Ne2 c5 11. dxc5 Nd7 12. Bxe7 Nxe7 13. 0-0 Nc6 14. Ned4 Ncxe5 15. Nxe5 Nxe5 16. Qg3 Qf6 17. Rfe1 Ng6 18. c3 0-0 19. Nf3 Rfc8 20. Ne5 Nxh4 21. b4 Nf5 22. Qd3 Ne7 23. Re2 Qf5 24. Qd2 Ng6 25. Rae1 b6 26. Re3 Nxe5 27. Rxe5 Qf6 28. Qd4 bxc5 29. bxc5 Rab8 30. Rxh5 Qxd4 31. cxd4 Rb2 32. Rd1 Rxa2 33. Rh3 a5 34. Rb3 a4 35. Rb4 Ra8 36. Rc1 a3 37. c6 Rb2 38. Rb7 Kh7 39. Ra1 Rxb7 40. cxb7 Rb8 41. Rxa3 Rxb7 42. Kf1 Rb2 43. Ke1 Kg6 44. Rg3+ Kf6 45. Rf3+ Ke7 46. Ra3 g5 47. g4 Kd6 48. Ra6+ Kc7 49. f3 Kd7 50. Ra7+ Ke8 51. Ra3 Ke7 52. Ra7+ Kf6 53. Ra3 Kg6 54. Re3 Rb4 55. Rd3 f5 56. Rd2 Rb3 57. Kf2 Kf6 58. Kg2 fxg4 59. fxg4 Re3 60. Kf2 Re4 61. Kf3 Rf4+ 62. Kg3 Ke7 63. Rd1 Kd6 64. Rd2 Re4 65. Rd1 Kc6 66. Rh1 Kb5 67. Rh5 Kc4 68. Rxg5 Kxd4 69. Rh5 Re3+ 70. Kf2 Re5 71. Rh1 Ke4 72. Kg3 d4 73. Re1+ Kd5 74. Rg1 d3 75. Kf2 Kd4 76. g5 d2 77. g6 Rg5 78. Rxg5 d1Q 79. Rg3 Qd2+ 80. Kg1 Qc1+ 81. Kg2 Qc2+ 82. Kh3 Qf5+ 83. Rg4+ Ke3 84. g7 Qh7+ 85. Kg3 Qg8 86. Rg5 Ke4 87. Kg4 e5 88. Rg6 Kd3 89. Kg5 e4 90. Rd6+ Kc3 91. Kf6 e3 92. Rc6+ Kd2 93. Rd6+ Ke1 94. Rd7 e2 95. Rf7 Qd8+ 96. Ke6 Qe8+ 0-1

[Event "Ayvalik Kumru"]
[Site "Ayvalik"]
[Date "2022.02.13"]
[Round "9"]
[White "Bicer, Atakan Mert"]
[Black "Pastar, Slaven"]
[Result "1/2-1/2"]
[WhiteElo "2351"]
[BlackElo "2337"]
[PlyCount "68"]
[EventDate "2022.02.08"]
[EventType "schev"]
[EventRounds "9"]
[EventCountry "TUR"]
[SourceTitle "CBM 206 Extra"]
[Source "ChessBase"]
[SourceDate "2022.03.31"]
[SourceVersion "1"]
[SourceVersionDate "2022.03.31"]
[SourceQuality "1"]
[WhiteTeam "Team C"]
[BlackTeam "Team B"]
[WhiteTeamCountry "TUR"]
[BlackTeamCountry "TUR"]

1. c4 b6 2. g3 Bb7 3. Nf3 e6 4. Bg2 Nf6 5. 0-0 Be7 6. Nc3 0-0 7. d4 Ne4 8. Qc2 Nxc3 9. Qxc3 c5 10. dxc5 bxc5 11. Rd1 d6 12. Bf4 Qc7 13. Qd3 Rd8 14. Ng5 Bxg5 15. Bxg5 Rd7 16. e4 Nc6 17. Be3 Rad8 18. a3 a5 19. b3 Ba8 20. f4 Qb6 21. Rab1 e5 22. Qd2 Re7 23. Qf2 exf4 24. gxf4 Qc7 25. b4 axb4 26. axb4 Nxb4 27. e5 Bxg2 28. exd6 Rxd6 29. Rxd6 Qxd6 30. Bxc5 Qd3 31. Rxb4 Bb7 32. Bxe7 Qd1+ 33. Qf1 Qd4+ 34. Qf2 Qd1+ 1/2-1/2

[Event "TUR-ch"]
[Site "Antalya"]
[Date "2021.12.18"]
[Round "9"]
[White "Bicer, Atakan Mert"]
[Black "Altun, Arda"]
[Result "1-0"]
[WhiteElo "2350"]
[BlackElo "2359"]
[PlyCount "151"]
[EventDate "2021.12.10"]
[EventType "tourn"]
[EventRounds "9"]
[EventCountry "TUR"]
[SourceTitle "CBM 205 Extra"]
[Source "ChessBase"]
[SourceDate "2022.01.31"]
[SourceVersion "1"]
[SourceVersionDate "2022.01.31"]
[SourceQuality "1"]

1. c4 c6 2. g3 d5 3. Nf3 Nf6 4. Bg2 dxc4 5. 0-0 Nbd7 6. Qc2 Nb6 7. Na3 Be6 8. b3 cxb3 9. axb3 g6 10. e4 Bg7 11. d4 h6 12. Bb2 Qc8 13. Rfe1 Bh3 14. Bh1 0-0 15. Nc4 Nfd7 16. Ne3 Re8 17. Ra5 Qb8 18. e5 Be6 19. Nh4 Qc8 20. f4 Nd5 21. Nc4 N7b6 22. Be4 Nb4 23. Qd2 N6d5 24. Rea1 a6 25. Ba3 Qd8 26. Nf3 b6 27. Bxb4 bxa5 28. Bc5 Qd7 29. Nh4 Reb8 30. Nxa5 Rb5 31. b4 Rab8 32. Rb1 Ra8 33. Kf2 Rbb8 34. Rc1 Rd8 35. Qd3 Rac8 36. Re1 Rb8 37. Rb1 Rb5 38. Ke2 Rdb8 39. Qd2 Bg4+ 40. Kf2 Ra8 41. Rb2 Rbb8 42. Bh1 Qe6 43. Ng2 Rc8 44. Ne3 Nxe3 45. Kxe3 Rf8 46. Nxc6 Rae8 47. d5 Qd7 48. Ra2 f6 49. e6 Bxe6 50. dxe6 Qxe6+ 51. Kf2 Kh7 52. Qd5 Qh3 53. Bg2 Qg4 54. Bxe7 Rg8 55. Re2 h5 56. Qe6 Qxe6 57. Rxe6 f5 58. Rd6 Bf8 59. Bxf8 Rexf8 60. Bd5 Rg7 61. Bc4 Ra8 62. h4 Kh6 63. Nd4 Kh7 64. Bxa6 Rc7 65. Be2 Ra4 66. b5 Rb4 67. Nf3 Rb2 68. Rd2 Rb4 69. Ne5 Kh6 70. Rd6 Rc2 71. Rxg6+ Kh7 72. Rc6 Ra2 73. Kf3 Ra3+ 74. Bd3 Rxb5 75. Ke3 Rd5 76. Rf6 1-0

[Event "TUR-ch"]
[Site "Antalya"]
[Date "2021.12.13"]
[Round "4"]
[White "Haznedaroglu, Kivanc"]
[Black "Bicer, Atakan Mert"]
[Result "1-0"]
[WhiteElo "2445"]
[BlackElo "2350"]
[PlyCount "57"]
[EventDate "2021.12.10"]
[EventType "tourn"]
[EventRounds "9"]
[EventCountry "TUR"]
[SourceTitle "CBM 205 Extra"]
[Source "ChessBase"]
[SourceDate "2022.01.31"]
[SourceVersion "1"]
[SourceVersionDate "2022.01.31"]
[SourceQuality "1"]

1. c4 Nf6 2. Nc3 e5 3. g3 Bb4 4. Bg2 0-0 5. e4 Bxc3 6. bxc3 Re8 7. d3 h6 8. Nf3 d6 9. h3 Nbd7 10. 0-0 c6 11. Nh4 Nf8 12. Rb1 d5 13. cxd5 cxd5 14. Nf5 Bxf5 15. exf5 Qc8 16. g4 Qxc3 17. Rxb7 N8d7 18. Rb3 Qc7 19. h4 e4 20. g5 hxg5 21. hxg5 Nh7 22. dxe4 dxe4 23. Qg4 Rad8 24. Rh3 Qe5 25. Bf4 Qa5 26. Rc1 Rc8 27. Rxc8 Rxc8 28. g6 Nhf8 29. Rh8+ 1-0

[Event "Mersin op 5th"]
[Site "Mersin"]
[Date "2021.11.18"]
[Round "5"]
[White "Bicer, Atakan Mert"]
[Black "Kirilmaz, Emre"]
[Result "0-1"]
[WhiteElo "2369"]
[BlackElo "2199"]
[PlyCount "93"]
[EventDate "2021.11.16"]
[EventType "swiss"]
[EventRounds "9"]
[EventCountry "TUR"]
[SourceTitle "CBM 205 Extra"]
[Source "ChessBase"]
[SourceDate "2022.01.31"]
[SourceVersion "1"]
[SourceVersionDate "2022.01.31"]
[SourceQuality "1"]

1. c4 e6 2. g3 d5 3. Bg2 Nf6 4. Nf3 Be7 5. 0-0 0-0 6. b3 c5 7. cxd5 Nxd5 8. d4 Nc6 9. Bb2 cxd4 10. Nxd4 Nxd4 11. Bxd4 Bd7 12. Nd2 Bc6 13. Nc4 Nb4 14. e4 Nc2 15. Qxc2 Qxd4 16. Rac1 Rfd8 17. Rfd1 Qc5 18. Qb2 Rxd1+ 19. Rxd1 Rd8 20. Rxd8+ Bxd8 21. Qe5 Qxe5 22. Nxe5 Be8 23. Nc4 Bc7 24. e5 Bb5 25. Nd6 Bxd6 26. exd6 b6 27. a4 Bd7 28. Kf1 Kf8 29. Ke2 Ke8 30. Kd3 Kd8 31. Bb7 Be8 32. Kc4 g5 33. Ba6 Bc6 34. Kd4 f6 35. a5 e5+ 36. Kc4 Kd7 37. axb6 axb6 38. Kc3 Kxd6 39. b4 Kd5 40. Bf1 e4 41. Bh3 Bb5 42. Bf5 h6 43. Bh3 Ke5 44. Bg2 g4 45. h3 h5 46. hxg4 hxg4 47. Bf1 0-1

[Event "Mersin op 5th"]
[Site "Mersin"]
[Date "2021.11.17"]
[Round "2"]
[White "Bicer, Atakan Mert"]
[Black "Azali, Tannaz"]
[Result "1/2-1/2"]
[WhiteElo "2369"]
[BlackElo "2080"]
[PlyCount "109"]
[EventDate "2021.11.16"]
[EventType "swiss"]
[EventRounds "9"]
[EventCountry "TUR"]
[SourceTitle "CBM 205 Extra"]
[Source "ChessBase"]
[SourceDate "2022.01.31"]
[SourceVersion "1"]
[SourceVersionDate "2022.01.31"]
[SourceQuality "1"]

1. c4 Nf6 2. g3 e6 3. Bg2 d5 4. Nf3 dxc4 5. Qa4+ Bd7 6. Qxc4 c5 7. Ne5 Qc8 8. Nxd7 Qxd7 9. 0-0 Nc6 10. b3 Rc8 11. Bb2 Nd4 12. a4 Be7 13. Na3 0-0 14. e3 Nc6 15. Rfd1 Rfd8 16. d3 Nd5 17. Qg4 Nf6 18. Qe2 Na5 19. Nc4 Nxc4 20. bxc4 Qc7 21. a5 b6 22. axb6 axb6 23. Ra3 Nd7 24. Rda1 Bf6 25. Bxf6 Nxf6 26. Qf3 Qd6 27. Bf1 h6 28. Ra6 Nd7 29. R1a3 Qc6 30. Qxc6 Rxc6 31. Ra7 Ne5 32. Ra8 Rcd6 33. Kg2 Rxa8 34. Rxa8+ Kh7 35. Ra3 g5 36. h3 g4 37. hxg4 Nxg4 38. Be2 h5 39. Ra7 Kg6 40. Ra8 Ne5 41. Rg8+ Kf6 42. Bxh5 Rxd3 43. Rb8 Nxc4 44. Rb7 Nd6 45. Rxb6 Rd2 46. Bf3 Nc4 47. Rb3 Ne5 48. Rc3 Nd3 49. Bc6 Rxf2+ 50. Kg1 Rd2 51. Bb5 Ne5 52. Rxc5 Nf3+ 53. Kf1 Nh2+ 54. Ke1 Nf3+ 55. Kf1 1/2-1/2